Sinh học 11 nâng cao : Sách giáo viên

Giới thiệu quá trình chuyển hoá vật chất và năng lượng, sự cảm ứng, quá trình sinh trưởng, phát triển và sinh sản ở động-thực vật.

Na minha lista:
Detalhes bibliográficos
Autor principal: Vũ, Văn Vụ
Formato: Livro
Idioma:Undetermined
Publicado em: Hà Nội Giáo dục Việt Nam 2013
Assuntos:
Tags: Adicionar Tag
Sem tags, seja o primeiro a adicionar uma tag!
Thư viện lưu trữ: Trung tâm Học liệu Trường Đại học Cần Thơ
LEADER 00878nam a2200229Ia 4500
001 CTU_236597
008 210402s9999 xx 000 0 und d
020 |c 11500 
082 |a 570.712 
082 |b V500 
100 |a Vũ, Văn Vụ 
245 0 |a Sinh học 11 nâng cao : 
245 0 |b Sách giáo viên 
245 0 |c Vũ Văn Vụ (Tổng chủ biên) 
260 |a Hà Nội 
260 |b Giáo dục Việt Nam 
260 |c 2013 
520 |a Giới thiệu quá trình chuyển hoá vật chất và năng lượng, sự cảm ứng, quá trình sinh trưởng, phát triển và sinh sản ở động-thực vật. 
650 |a Biology,Sinh học 
650 |x Study and teaching (Secondary),Dạy và học (Trung học) 
904 |i Hải 
980 |a Trung tâm Học liệu Trường Đại học Cần Thơ